Кручение призматического бруса продольно ослабленного цилиндрическими полостями с учетом шероховатости поверхности; Известия Томского политехнического университета [Известия ТПУ]; Т. 309, № 6
| Parent link: | Известия Томского политехнического университета [Известия ТПУ]/ Томский политехнический университет (ТПУ).— , 2000- Т. 309, № 6.— 2006.— [С. 144-149] |
|---|---|
| Hovedforfatter: | |
| Summary: | Заглавие с титульного листа Электронная версия печатной публикации Исследовано кручение призматического бруса двухсвязного поперечного сечения, ограниченного снаружи квадратом или изнутри контуром, близким к окружностям. При кручении призматического бруса, продольно ослабленного цилиндрическими полостями по окружности, внутри наружного контура сечения призмы (квадрата) и при кручении кольцевого бруса при равном диаметре, касательные напряжений одинаковы. В таком случае геометрические параметры внутреннего контура более существенно влияют на напряженное состояние бруса, чем наружные. |
| Sprog: | russisk |
| Udgivet: |
2006
|
| Serier: | Технические науки |
| Fag: | |
| Online adgang: | http://www.lib.tpu.ru/fulltext/v/Bulletin_TPU/2006/v309/i6/34.pdf |
| Format: | MixedMaterials Electronisk Book Chapter |
| KOHA link: | https://koha.lib.tpu.ru/cgi-bin/koha/opac-detail.pl?biblionumber=171666 |
MARC
| LEADER | 00000nla2a2200000 4500 | ||
|---|---|---|---|
| 001 | 171666 | ||
| 005 | 20231031164035.0 | ||
| 035 | |a (RuTPU)RU\TPU\book\186125 | ||
| 035 | |a RU\TPU\book\186117 | ||
| 090 | |a 171666 | ||
| 100 | |a 20091207d2006 k y0rusy50 ca | ||
| 101 | 0 | |a rus | |
| 102 | |a RU | ||
| 135 | |a drnn ---uucaa | ||
| 181 | 0 | |a i | |
| 182 | 0 | |a b | |
| 200 | 1 | |a Кручение призматического бруса продольно ослабленного цилиндрическими полостями с учетом шероховатости поверхности |b Электронный ресурс |f Р. К. Калбиев | |
| 203 | |a Текст |c электронный | ||
| 215 | |a 1 файл (319 Кб) | ||
| 225 | 1 | |a Технические науки | |
| 230 | |a Электронные текстовые данные (1 файл : 319 Кб) | ||
| 300 | |a Заглавие с титульного листа | ||
| 300 | |a Электронная версия печатной публикации | ||
| 320 | |a [Библиогр.: с. 149 (5 назв.)] | ||
| 330 | |a Исследовано кручение призматического бруса двухсвязного поперечного сечения, ограниченного снаружи квадратом или изнутри контуром, близким к окружностям. При кручении призматического бруса, продольно ослабленного цилиндрическими полостями по окружности, внутри наружного контура сечения призмы (квадрата) и при кручении кольцевого бруса при равном диаметре, касательные напряжений одинаковы. В таком случае геометрические параметры внутреннего контура более существенно влияют на напряженное состояние бруса, чем наружные. | ||
| 337 | |a Adobe Reader | ||
| 461 | 1 | |0 (RuTPU)RU\TPU\book\176237 |t Известия Томского политехнического университета [Известия ТПУ] |f Томский политехнический университет (ТПУ) |d 2000- | |
| 463 | 1 | |0 (RuTPU)RU\TPU\book\186033 |t Т. 309, № 6 |v [С. 144-149] |d 2006 |p 256 с. | |
| 610 | 1 | |a кручения | |
| 610 | 1 | |a призматический брус | |
| 610 | 1 | |a цилиндрические полости | |
| 610 | 1 | |a шероховатость | |
| 610 | 1 | |a поверхность | |
| 610 | 1 | |a поперечные сечения | |
| 610 | 1 | |a окружности | |
| 610 | 1 | |a наружные контуры | |
| 610 | 1 | |a призмы | |
| 610 | 1 | |a кольцевой брус | |
| 610 | 1 | |a касательные напряжения | |
| 610 | 1 | |a геометрические параметры | |
| 610 | 1 | |a внутренние контуры | |
| 610 | 1 | |a наружные контуры | |
| 610 | 1 | |a электронный ресурс | |
| 700 | 1 | |a Калбиев |b Р. К. | |
| 801 | 1 | |a RU |b 63413507 |c 20090623 |g PSBO | |
| 801 | 2 | |a RU |b 63413507 |c 20211110 |g PSBO | |
| 856 | 4 | |u http://www.lib.tpu.ru/fulltext/v/Bulletin_TPU/2006/v309/i6/34.pdf | |
| 942 | |c CF | ||